The engineer's guide to steel, (Record no. 548569)
[ view plain ]
| 000 -LEADER | |
|---|---|
| fixed length control field | 00592cam a22001691 4500 |
| 082 00 - DEWEY DECIMAL CLASSIFICATION NUMBER | |
| Classification number | 669.9 |
| Author Mark | HAN |
| -- | L-20, P-91 |
| 100 1# - MAIN ENTRY--PERSONAL NAME | |
| Personal name | Hanson, Albert. |
| 9 (RLIN) | 44916 |
| 245 14 - TITLE STATEMENT | |
| Title | The engineer's guide to steel, |
| Statement of responsibility, etc. | by Albert Hanson and J. Gordon Parr. |
| 260 ## - PUBLICATION, DISTRIBUTION, ETC. | |
| Place of publication, distribution, etc. | Reading, Mass., |
| Name of publisher, distributor, etc. | Addison-Wesley Pub. Co. |
| Date of publication, distribution, etc. | [1965] |
| 300 ## - PHYSICAL DESCRIPTION | |
| Extent | viii, 406 p. |
| Other physical details | illus. |
| Dimensions | 24 cm. |
| 490 0# - SERIES STATEMENT | |
| Series statement | Addison-Wesley series in metallurgy and materials |
| 526 ## - STUDY PROGRAM INFORMATION NOTE | |
| Program name | 0 |
| Interest level | 0 |
| Reading level | 0 |
| Title point value | 669_900000000000000_HAN |
| 650 #0 - SUBJECT ADDED ENTRY--TOPICAL TERM | |
| Topical term or geographic name entry element | MCE |
| 9 (RLIN) | 379 |
| 650 #0 - SUBJECT ADDED ENTRY--TOPICAL TERM | |
| Topical term or geographic name entry element | Steel |
| General subdivision | Handbooks, manuals, etc. |
| 9 (RLIN) | 44917 |
| 700 1# - ADDED ENTRY--PERSONAL NAME | |
| Personal name | Parr, James Gordon, |
| 9 (RLIN) | 44918 |
| 942 ## - ADDED ENTRY ELEMENTS (KOHA) | |
| Source of classification or shelving scheme | |
| Koha item type | Book |
| Withdrawn status | Lost status | Source of classification or shelving scheme | Damaged status | Not for loan | Permanent Location | Current Location | Date acquired | Total Checkouts | Full call number | Barcode | Date last seen | Price effective from | Koha item type |
|---|---|---|---|---|---|---|---|---|---|---|---|---|---|
| Military College of Engineering (MCE) | Military College of Engineering (MCE) | 09/01/2014 | 669.9 HAN | MCE-33361 | 09/01/2014 | 09/01/2014 | Book |
